=LDR 00000nam 2200000 4500 =001 INLIS000000000037494 =005 20130612143226 =008 ***********************************Ind** =035 ##$$0010-061300000037494 =041 ##$$a Ind =082 ##$$a 641 =090 ##$$a 641, Gon d =100 ##$$a Gondowijoyo, Liliawati =245 ##$$a Dapoer Iboe, 30 menu masakan keluarga(Anyone Can Cook?), Liliawati Gondowijoyo =260 ##$$a 2011 $b Yogyakarta =300 ##$$a 108 hlm, Ilus, 26 cm =650 ##$$a Masakan - Resep =700 ##$$a Gondowijoyo, Sheila =850 ##$$a NBPNMAT